[Event "GRE-chT 28th"]
[Site "Kavala"]
[Date "1999.??.??"]
[Round "?"]
[White "Cela, Altin"]
[Black "Panagopoulos, Nikolaos"]
[Result "1-0"]
[WhiteElo "2536"]
[BlackElo "2312"]
[PlyCount "57"]
[EventDate "1999.??.??"]
[EventType "team"]
[EventRounds "8"]
[EventCountry "GRE"]
[SourceTitle "EXT 2002"]
[Source "ChessBase"]
[SourceDate "2001.11.25"]
[SourceVersion "1"]
[SourceVersionDate "2001.11.25"]
[SourceQuality "1"]

1. e4 c5 2. Nc3 a6 3. Nf3 b5 4. d4 cxd4 5. Nxd4 Bb7 6. Bd3 e6 7. 0-0 Bc5 8. Nb3 Bb6 9. Bf4 Ne7 10. a4 b4 11. Na2 d5 12. Qe2 Nbc6 13. c3 bxc3 14. Nxc3 d4 15. a5 Nxa5 16. Nxa5 Bxa5 17. Na4 Bb4 18. Rfc1 Nc6 19. Rc4 0-0 20. e5 f5 21. exf6 Qxf6 22. Bg3 a5 23. Rac1 e5 24. Qe4 g6 25. Nb6 Nd8 26. Nd7 Qe6 27. Nxf8 Bxe4 28. Nxe6 Bxd3 29. Rc8 1-0

[Event "GRE-chT 28th"]
[Site "Kavala"]
[Date "1999.??.??"]
[Round "?"]
[White "Ibragimov, Ildar"]
[Black "Panagopoulos, Nikolaos"]
[Result "1-0"]
[WhiteElo "2602"]
[BlackElo "2312"]
[PlyCount "97"]
[EventDate "1999.??.??"]
[EventType "team"]
[EventRounds "8"]
[EventCountry "GRE"]
[SourceTitle "EXT 2002"]
[Source "ChessBase"]
[SourceDate "2001.11.25"]
[SourceVersion "1"]
[SourceVersionDate "2001.11.25"]
[SourceQuality "1"]

1. d4 d5 2. c4 c6 3. Nd2 e6 4. e3 Bd6 5. Bd3 Nf6 6. Ngf3 0-0 7. 0-0 Nbd7 8. Qc2 h6 9. Rd1 Qe7 10. e4 dxe4 11. Nxe4 Nxe4 12. Bxe4 Nf6 13. c5 Bc7 14. Bd3 Rd8 15. a3 Bd7 16. Bd2 Be8 17. Re1 Nd5 18. Re2 Qf8 19. Rae1 Kh8 20. Re4 Nf6 21. Rh4 Rd5 22. g4 Ng8 23. g5 Bd8 24. Kh1 g6 25. Bf4 Be7 26. Rh3 Rad8 27. Be4 Kh7 28. Bxd5 exd5 29. Ne5 f6 30. gxf6 Bxf6 31. Rg1 Bxe5 32. Bxe5 Ne7 33. Qd2 Bd7 34. Rhg3 Bf5 35. h4 Qf7 36. Kh2 Rd7 37. Qf4 Ng8 38. Rf3 h5 39. Rfg3 Nh6 40. f3 a6 41. R3g2 Re7 42. Qd2 Qe8 43. Re1 Nf7 44. Rge2 Re6 45. Bg3 Qd7 46. Rxe6 Bxe6 47. Qe3 Nd8 48. Qe5 Kg8 49. Qf6 1-0

[Event "Ambelokipi op 16th"]
[Site "Athens"]
[Date "1999.??.??"]
[Round "5"]
[White "Khetsuriani, Besarion"]
[Black "Panagopoulos, Nikolaos"]
[Result "1-0"]
[WhiteElo "2315"]
[BlackElo "2312"]
[PlyCount "135"]
[EventDate "1999.??.??"]
[EventType "swiss"]
[EventRounds "7"]
[EventCountry "GRE"]
[SourceTitle "EXT 2004"]
[Source "ChessBase"]
[SourceDate "2003.11.25"]
[SourceVersion "1"]
[SourceVersionDate "2003.11.25"]
[SourceQuality "1"]

1. e4 g6 2. d4 Bg7 3. Nf3 c6 4. c4 d5 5. cxd5 cxd5 6. e5 Bg4 7. Bb5+ Nc6 8. 0-0 e6 9. Bxc6+ bxc6 10. h3 Bxf3 11. Qxf3 Ne7 12. Bg5 h6 13. Bf6 Bxf6 14. Qxf6 0-0 15. Nd2 Nf5 16. Nf3 Qxf6 17. exf6 Rfb8 18. b3 Rb4 19. Rfd1 a5 20. Rac1 Ra6 21. g4 Nd6 22. Ne5 Ne4 23. Nxc6 Rbb6 24. Ne5 Rb7 25. Rc8+ Kh7 26. Rf8 Nxf6 27. Rxf7+ Rxf7 28. Nxf7 Rc6 29. f3 Rc2 30. a4 Rc3 31. Ne5 Rxb3 32. Rc1 Rb4 33. Rc7+ Kg8 34. Nf7 Rxd4 35. Nxh6+ Kh8 36. Nf7+ Kg8 37. Ng5 e5 38. Rc6 Rd1+ 39. Kf2 Kg7 40. Rc7+ Kg8 41. Ra7 e4 42. Rxa5 Rd2+ 43. Ke1 e3 44. Ra8+ Kg7 45. Ra7+ Kg8 46. Ra6 Kg7 47. Re6 Ra2 48. Rxe3 Rxa4 49. Re7+ Kg8 50. Ne6 Ra6 51. Kf2 Rd6 52. Nd4 Ra6 53. Ke3 Kf8 54. Rb7 g5 55. Nb3 Ra4 56. Nc5 Ra3+ 57. Kd4 Rxf3 58. Ne6+ Ke8 59. Nxg5 Ra3 60. Ke5 Nd7+ 61. Kf5 d4 62. Rb4 d3 63. Re4+ Kf8 64. Rd4 Ra5+ 65. Kf4 Nc5 66. Ke3 Ra3 67. Rd5 Rc3 68. Rxc5 1-0

[Event "Ambelokipi op 18th"]
[Site "Athens"]
[Date "1999.??.??"]
[Round "6"]
[White "Khetsuriani, Besarion"]
[Black "Panagopoulos, Nikolaos"]
[Result "1-0"]
[WhiteElo "2315"]
[BlackElo "2312"]
[PlyCount "73"]
[EventDate "1999.??.??"]
[EventType "swiss"]
[EventRounds "7"]
[EventCountry "GRE"]
[SourceTitle "EXT 2004"]
[Source "ChessBase"]
[SourceDate "2003.11.25"]
[SourceVersion "1"]
[SourceVersionDate "2003.11.25"]
[SourceQuality "1"]

1. d4 Nf6 2. Nf3 g6 3. Bg5 Bg7 4. c3 d6 5. Nbd2 Nbd7 6. e4 h6 7. Bh4 e5 8. dxe5 dxe5 9. Bc4 Qe7 10. a4 a5 11. 0-0 0-0 12. Re1 Rd8 13. h3 Nf8 14. Qb3 g5 15. Bg3 Nh5 16. Nf1 Nxg3 17. Nxg3 Ng6 18. Rad1 Rxd1 19. Qxd1 Nf4 20. Nh2 Bf8 21. Nf5 Bxf5 22. exf5 Kg7 23. Qf3 f6 24. Qxb7 Rd8 25. Ba2 Qc5 26. Qb3 Be7 27. Nf3 Kh8 28. Rd1 Bd6 29. Qc4 Qb6 30. b4 Rf8 31. bxa5 Qxa5 32. g3 Qa8 33. gxf4 Qxf3 34. Rd3 Qe2 35. fxg5 fxg5 36. Qe6 Kg7 37. Qg6+ 1-0

[Event "Ambelokipi op 19th"]
[Site "Athens"]
[Date "1999.??.??"]
[Round "3"]
[White "Kolani, Leonard"]
[Black "Panagopoulos, Nikolaos"]
[Result "1/2-1/2"]
[WhiteElo "2000"]
[BlackElo "2310"]
[PlyCount "65"]
[EventDate "1999.??.??"]
[EventType "swiss"]
[EventRounds "7"]
[EventCountry "GRE"]
[SourceTitle "EXT 2004"]
[Source "ChessBase"]
[SourceDate "2003.11.25"]
[SourceVersion "1"]
[SourceVersionDate "2003.11.25"]
[SourceQuality "1"]

1. d4 Nf6 2. c4 c5 3. Nf3 cxd4 4. Nxd4 e5 5. Nc2 d5 6. cxd5 Qxd5 7. Qxd5 Nxd5 8. e4 Nb4 9. Nxb4 Bxb4+ 10. Bd2 Nc6 11. Bc4 Be6 12. Bxe6 fxe6 13. Bxb4 Nxb4 14. Na3 Rc8 15. Ke2 0-0 16. Rhd1 a6 17. Rd2 Rfd8 18. Rxd8+ Rxd8 19. Nc4 Nd3 20. g3 b5 21. Na5 Nxb2 22. Nc6 Rd6 23. Nxe5 Rd4 24. f3 Ra4 25. Rc1 Kf8 26. Ke3 g5 27. Rc8+ Ke7 28. f4 gxf4+ 29. Kxf4 Rxa2 30. Rc7+ Kd6 31. Rc6+ Ke7 32. Rc7+ Kd6 33. Rc6+ 1/2-1/2